Open Data Biblioteca Nacional de Portugal


República Portuguesa: Ministério da Cultura
Biblioteca Nacional de Portugal

Catálogo da BNP: acesso por Identificadores Unívocos
Registos Bibliográficos associados ao registo de autoridade

Etiqueta de registo: 00254nkm 2200109 450
001 1703408
003 http://id.bnportugal.gov.pt/bib/catbnp/1703408
100 ## $a20090223d1985 am y0pory0103 ba
101 0# $apor
102 ## $aPT
200 1# $aAuto da escada do inferno$bVisual gráfico]$forg. Associação Portuguesa de Surdos$gdesign João Alberto
210 #9 $a[Lisboa]$cAPS,$d1985
215 ## $a1 cartaz$ccolor.$d46x32 cm
300 ## $aNo anfiteatro da Biblioteca Nacional, entrada livre
317 ## $aColeção Madeira Luís$5PTBN: CT. 12825 V.
675 ## $a792(469.411.16)"1985"(084.5)$vBN$zpor$31364078
675 ## $a766(=1:469)"198"(084.5)$vBN$zpor$31302430
702 #1 $aAlberto,$bJoão$4410$31364079
710 02 $aAssociação Portuguesa de Surdos$32142
801 #0 $aPT$bBN$gRPC
966 ## $lBN$mICONOG$sCT. 6351 V.$x3
966 ## $lBN$mICONOG$sCT. 12825 V.$x3
997 ## $aBIBEOD

Etiqueta de registo: 00799nkm 2200229 450
001 1925720
003 http://id.bnportugal.gov.pt/bib/catbnp/1925720
100 ## $a20160318d1956 am y0pory0103 ba
101 0# $apor
102 ## $aPT
200 1# $aTrajos típicos, Portugal$bVisual gráfico]$fJoão Alberto
210 #9 $aLisboa$cEdição MD,$d[D.L.1956]$eLisboa:$gLitografia de Portugal)
215 ## $a10 postais$ccolor.$d14x9 cm
225 2# $aPortugal e suas maravilhas$v800-809
327 11 $a800: "Lavadeiras de Portugal, Caneças, Lisboa" (P.I. 8288 P.)$a801: "Homem dos perús, Estoril" (P.I. 8289 P.)$a802: "Cantadeira de fados, Lisboa" (P.I. 8290 P.)$a803: "Campino, Ribatejo" (P.I. 8291 P.)$a804: "Pescadores, Nazaré" (P.I. 8292 P.)$a805: "Vendedor de peixe, Lisboa" (P.I. 8293 P.)$a806: "Beira Alta" (P.I. 8294 P.)$a807: "Douro Litoral, Porto" (P.I. 8295 P.)$a808: "Minho" (P.I. 8296 P.)$a809: "Dança dos pauliteiros, Miranda do Douro" (P.I. 8297 P.)
517 1# $aTrajo típico, lavadeiras de Portugal, Caneças, Lisboa , Portugal
517 1# $aTrajo típico, homem dos perús, Estoril, Portugal
517 1# $aTrajo típico, cantadeira de fados, Lisboa, Portugal
517 1# $aTrajo típico, campino, Ribatejo, Portugal
517 1# $aTrajos típicos, pescadores, Nazaré, Portugal
517 1# $aTrajo típico, vendedor de peixe, Lisboa, Portugal
517 1# $aTrajos típicos, Beira Alta, Portugal
517 1# $aTrajo típico, Douro Litoral, Porto, Portugal
517 1# $aTrajos típicos, Minho, Portugal
517 1# $aTrajos típicos, dança dos pauliteiros, Miranda do Douro, Portugal
540 1# $aCostumes de Portugal
675 ## $a39(=1:469)(084.0)$vBN$zpor$31574865
700 #1 $aAlberto,$bJoão$31364079
801 #0 $aPT$bBN$gRPC
856 40 $uhttps://purl.pt/34908
856 41 $uhttps://purl.pt/34908/service/media/cover/low
958 ## $aBND$bInterno$cDigitalizado
966 ## $lBN$mICONOG$sP.I. 8288 P.$x1
966 ## $lBN$mICONOG$sP.I. 8289 P.$x1
966 ## $lBN$mICONOG$sP.I. 8290 P.$x1
966 ## $lBN$mICONOG$sP.I. 8291 P.$x1
966 ## $lBN$mICONOG$sP.I. 8292 P.$x1
966 ## $lBN$mICONOG$sP.I. 8293 P.$x1
966 ## $lBN$mICONOG$sP.I. 8294 P.$x1
966 ## $lBN$mICONOG$sP.I. 8295 P.$x1
966 ## $lBN$mICONOG$sP.I. 8296 P.$x1
966 ## $lBN$mICONOG$sP.I. 8297 P.$x1
972 ## $d20260528$vcvalente$e1$z1
976 ## $d20260514$rfpinelo

OpendataBNP@bnportugal.pt | Mais informação sobre acesso aos dados BNP